El ruido como problema ambiental.
Salvato in:
| Ente Autore: | |
|---|---|
| Natura: | Libro |
| Lingua: | spagnolo |
| Pubblicazione: |
Madrid, España
Comunidad de Madrid
1993
|
| Serie: | Agencia de Medio Ambiente.
8 |
| Soggetti: | |
| Tags: |
Aggiungi Tag
Nessun Tag, puoi essere il primo ad aggiungerne!!
|
MARC
| LEADER | 00000nam a2200000 a 4500 | ||
|---|---|---|---|
| 001 | UCU9147 | ||
| 003 | CL-VaPUC | ||
| 005 | 20240829101757.0 | ||
| 008 | 960809e19930000SP |||||||||||||||||spa|d | ||
| 999 | |c 251023 |d 251021 | ||
| 040 | |c Pontificia Universidad Católica de Valparaíso | ||
| 082 | 0 | 4 | |a 363.741 AGE 1993 |2 21 |
| 110 | 2 | |a Agencia de Medio Ambiente de la Comunidad de Madrid |9 368227 | |
| 245 | 1 | 3 | |a El ruido como problema ambiental. |
| 260 | 0 | 3 | |a Madrid, España |b Comunidad de Madrid |c 1993 |
| 300 | |a 144 páginas | ||
| 490 | 0 | |a Agencia de Medio Ambiente. |v 8 | |
| 583 | |a last modification |c 19960809 00:00:00 |k Rodrigo Vera | ||
| 650 | 7 | |a CONTAMINACION |2 CL-VaPUC |9 258139 | |
| 650 | 7 | |a RUIDO |2 CL-VaPUC |9 263306 | |
| 650 | 0 | |a Acústica |9 265389 | |
| 650 | 7 | |a LUCHA CONTRA EL RUIDO |2 CL-VaPUC |9 343818 | |
| 650 | 7 | |a CAMBIOS AMBIENTALES |2 CL-VaPUC |9 341435 | |
| 650 | 0 | |a Gestión ambiental |9 338121 | |
| 650 | 0 | |a Conservación del medio ambiente |9 340695 | |
| 650 | 0 | |a Ingeniería ambiental |9 328689 | |
| 650 | 0 | |a Salud pública |9 258913 | |
| 942 | |c BK |2 ddc | ||
| 945 | |d 19960809 00:00:00 |a nastorga | ||
| 952 | |0 0 |1 0 |2 ddc |4 0 |6 363_741000000000000_AGE_1993 |7 0 |8 A |9 269935 |a BIBING |b BIBING |d 2019-11-19 |i 3219186 |o 363.741 AGE 1993 |p 3219186 |r 2025-01-20 |t 1 |w 2019-11-19 |y BK |k GEO | ||